| 000 | 01660naa a22003497a 4500 | ||
|---|---|---|---|
| 001 | BR8201351 | ||
| 003 | BR-BrBNA | ||
| 005 | 20250721143154.0 | ||
| 007 | ta | ||
| 008 | 250630b bl.|||m| |||| 00| 0 por d | ||
| 040 |
_aBR-BrBNA _bpor _cBiblioteca Nacional de Agricultura |
||
| 041 | _a(Pt) | ||
| 072 |
_aH10 _b1850 _b3879 _b4050 _bG514 |
||
| 090 | _aH10 BR8201351 | ||
| 100 | 1 | _aCovolo, G. | |
| 100 | 1 | _aOliveira, S.J.B. de | |
| 111 | 1 |
_a5. Reuniao Brasileira de Nematologia _cLondrina, PR (Brazil) _d9 Feb 1981 |
|
| 245 | 1 | _aComportamento de alguns nematicidas no controle do nematoide Meloidogyne javanica (Treub, 1885)Chitwood, 1949, em tomateiro (Lycopersicon esculentum Mill.)[Tomate; Meloidoginose; Controle quimico; Brasil] | |
| 246 | 1 | _aPerformance of some nematicides in the control of the nematode Meloidogyne javanica (Treub, 1885)Chitwood, 1949, in tomato plant (Lycopersicon esculentum Mill.)[Tomato; Root knot disease; Chemical control; Brazil] | |
| 246 | 1 | _a[Works presented to the 5. Brazilian Meeting of Nematology] | |
| 500 | _aTrabalhos apresentados a 5. Reuniao Brasileira de Nematologia Piracicaba, SP (Brasil): 1982. p. 145-151 [7 ref.; Summaries (En, Pt)] (BR8201351-AMS) | ||
| 773 | 0 |
_tTrabalhos apresentados a 5. Reuniao Brasileira de Nematologia _wH10 BR8201351 _gPiracicaba, SP (Brasil), 1982. p. 145-151 |
|
| 650 | _aPraga de planta | ||
| 650 | _aTomate | ||
| 650 | _aNematicida | ||
| 650 | _aNematoide | ||
| 650 | _aMeloidoginose | ||
| 650 | _aControle quimico | ||
| 490 |
_aPublicacao - Sociedade Brasileira de Nematologia (Brazil) _vno. 5 |
||
| 942 |
_cAMS _2AGRIS |
||
| 909 |
_a202506 _bLúcia _c55 _dLúcia Elande |
||
| 999 |
_c334092 _d334092 |
||